| 000 | 00425nam a2200181Ia 4500 | ||
|---|---|---|---|
| 001 | 3901 | ||
| 005 | 20260306145717.0 | ||
| 008 | 260306t1998||||xx |||||||||||||| ||spa|| | ||
| 041 | _aESP | ||
| 082 |
_a305.409 _bB38 |
||
| 100 |
_aBel Bravo, María Antonia _eAUT |
||
| 245 | 0 | _aLa mujer en la historia | |
| 260 | _c1998 | ||
| 300 |
_a180 páginas : _c23 cm. |
||
| 650 | _aGEN | ||
| 654 | _aCHU | ||
| 942 |
_cLIB _dJUS _fJUS _2ddc _n |
||
| 999 |
_c3901 _d3901 |
||